000 00569nam a2200229Ia 4500
003 OSt
005 20220918194713.0
006 a|||||r|||| 00| 0
007 ta
008 220917b |||||||| |||| 00| 0 eng d
024 _a81,093
037 _cTextual
040 _aARTS
_cARTS
_beng
041 _2eng
_aeng
082 _aS:86, J51
100 _aHowe E Graham
_986505
245 0 _aTriumphant spirit
_b a study of depression
260 _c1955
650 _aPSYCHOLOGY
942 _hS:86, J51
_cTEXL
_2CC
999 _c204815
_d204815